000 00560nam a2200169Ia 4500
008 090711s9999 xx 000 0 und d
082 _b79270
100 _aवाळिंबे शरदSांद्र
245 _aप्रतिघात
260 _bशांती पब्लिकेशन्स
_c1996
300 _a192
600 _aवाळिंबे शरदSांद्र
630 _aप्रतिघात
700 _aवाळिंबे शरदSांद्र
730 _aप्रतिघात
942 _cBOOK
999 _c306900
_d306900